01348nam a2200361 a 450000100060000000300080000600500170001400600190003100700150005000800410006502000180010603500210012404000300014505000220017508000110019708200190020810000400022724500870026726000620035430000110041658800830042759001620051065000330067265000300070565000530073565000280078865000210081665300250083765500270086279700180088985600620090799900170096926599FINmELB20241216215920.0m o u cr cn|||||||||201203r1998 mx o 000 0 spa d z9789687001524 a(OCoLC)844349419 aFINmELBcFINmELBdFINmELB 4aTK3271bJ958 1998 a621.3104a621.319/242221 aJuárez Cervantes, José Dolores.10aInstalaciones eléctricas en alta tensión /cJosé Dolores Juárez Cervantes. aMéxico D.F. :bInstituto Politécnico Nacional,c1998. a178 p. aDescripción basada en metadatos suministrados por el editor y otras fuentes. aRecurso electrónico. Santa Fe, Arg.: elibro, 2020. Disponible vía World Wide Web. El acceso puede estar limitado para las bibliotecas afiliadas a elibro. 0aElectricidadxInstalaciones. 0aIngeniería eléctrica. 0aElectric apparatus and appliancesxInstallation. 0aElectrical engineering. 0aElectric wiring. aIngenieria electrica 4aLibros electrónicos.2 aelibro, Corp.40uhttps://elibro.net/ereader/politecnicointernacional/72657 c26599d26599